[Event "Challenge"]
[Site "http://www.queenalice.com/game.php?id=359711"]
[Date "2008.2.23"]
[Round "-"]
[White "Dcar"]
[Black "Stratego"]
[Result "0-1"]
[WhiteElo "1657"]
[BlackElo "1677"]

1. Nf3 d5 2. g3 c5 3. Bg2 Nc6 4. O-O e5 5. d3 Nf6 6. b3 Be6 7. Ng5 Qd7 8. Nc3 h6
9. Nf3 Rb8 10. Ba3 a6 11. Na4 Qc7 12. Bxc5 b6 13. Bxb6 Rxb6 14. Nxb6 Qxb6 15. c3
Ba3 16. d4 Bb2 17. Rb1 Bxc3 18. Nxe5 Nxe5 19. dxe5 Ne4 20. Bxe4 dxe4 21. a3 Bxe5
22. e3 O-O 23. b4 Bc4 24. Re1 Bc3 25. Qc2 Bxe1 26. Qxc4 Bd2 27. Qxe4 Rd8 28. Rd1
Bc3 29. Rc1 Bf6 30. Rc6 Qb5 31. Kg2 Qa4 32. Rc3 Bxc3 33. Qc4 Qxa3 34. Qc7 Rf8
35. e4 Bxb4 36. e5 a5 37. Qc6 Qb3 38. f3 a4 39. f4 a3 40. f5 Qb2+ 41. Kh3 Qxe5
42. g4 Qc3+ 0-1

[Event "ArmaMembraMilitis"]
[Site "http://www.queenalice.com/game.php?id=365228"]
[Date "2008.3.4"]
[Round "-"]
[White "Stratego"]
[Black "Petrushka"]
[Result "0-1"]
[WhiteElo "1669"]
[BlackElo "1720"]

1. e4 g6 2. Nf3 d6 3. d4 Bg7 4. Nc3 e6 5. Bg5 f6 6. Be3 Ne7 7. Bb5+ c6 8. Bd3
O-O 9. Qd2 Bd7 10. Bh6 b5 11. Bxg7 Kxg7 12. O-O Na6 13. a4 Nb4 14. axb5 Nxd3 15.
Qxd3 Qb6 16. bxc6 Nxc6 17. Rfb1 Nb4 18. Qe2 a5 19. h3 Qb7 20. Kh2 Bc6 21. Na4
Bxe4 22. Rc1 Bxf3 23. gxf3 Rfe8 24. Nc3 Nc6 25. Qb5 Reb8 26. Qxb7+ Rxb7 27. d5
exd5 28. Nxd5 Rxb2 29. Kg3 Nd4 30. c4 Nb3 0-1

[Event "Challenge"]
[Site "http://www.queenalice.com/game.php?id=365350"]
[Date "2008.3.4"]
[Round "-"]
[White "GaloVeio"]
[Black "Stratego"]
[Result "1-0"]
[WhiteElo "1723"]
[BlackElo "1709"]

1. d4 d5 2. e3 e6 3. Nf3 Nf6 4. c4 c6 5. c5 Be7 6. Bd3 Nbd7 7. b4 b5 8. a4 Ba6
9. Nc3 e5 10. dxe5 Ng4 11. axb5 Bb7 12. Nd4 Ngxe5 13. bxc6 Bxc6 14. Nxc6 Nxc6
15. Nxd5 Bf6 16. Nxf6+ Nxf6 17. Bb2 O-O 18. Bc3 Qc7 19. Bxf6 gxf6 20. Qh5 f5 21.
Bxf5 f6 22. O-O Rf7 23. Be4 Re8 24. Qg4+ Rg7 25. Bd5+ Kh8 26. Qh4 Nxb4 27. Qxb4
Qe5 28. e4 Qg5 29. g3 1-0

[Event "Challenge"]
[Site "http://www.queenalice.com/game.php?id=370601"]
[Date "2008.3.13"]
[Round "-"]
[White "guidzidlo"]
[Black "Stratego"]
[Result "0-1"]
[WhiteElo "1673"]
[BlackElo "1692"]

1. e4 d5 2. exd5 Qxd5 3. Nc3 Qd8 4. Nf3 Nf6 5. Bb5+ c6 6. Bc4 e6 7. O-O Nbd7 8.
d3 Nb6 9. Bb3 Be7 10. Be3 Nbd5 11. Nxd5 cxd5 12. h3 O-O 13. Ne5 Bd6 14. Bd4 Qc7
15. f4 Bxe5 16. fxe5 Nd7 17. Qe2 Nc5 18. Bxc5 Qxc5+ 19. Kh1 Bd7 20. Rad1 Bb5 21.
c4 Bc6 22. d4 Qb6 23. c5 Qb5 24. Qg4 Qa5 25. Rd3 Qd8 26. Rg3 g6 27. h4 f5 28.
Qf4 Rf7 29. h5 Rg7 30. Qh6 Be8 31. hxg6 Bxg6 32. Kg1 Qe7 33. Ba4 Rf8 34. Qh3 Qf7
35. c6 bxc6 36. Bxc6 Qc7 37. Rc3 Qa5 38. a3 Qb6 39. Rf2 Qxd4 40. Qg3 f4 41. Qh4
Qxe5 42. Qe7 Rxe7 0-1

[Event "Challenge"]
[Site "http://www.queenalice.com/game.php?id=370790"]
[Date "2008.3.14"]
[Round "-"]
[White "Stratego"]
[Black "SmartPatzer"]
[Result "0-1"]
[WhiteElo "1680"]
[BlackElo "1769"]

1. e4 e6 2. Nf3 d5 3. Bb5+ c6 4. Ba4 dxe4 5. Ne5 Qd4 6. Nxf7 Kxf7 7. Nc3 b5 8.
Bb3 Nf6 9. O-O Nbd7 10. d3 Nc5 11. dxe4 Qxd1 12. Rxd1 Nfxe4 13. Nxe4 Nxe4 14.
Re1 Nc5 15. f4 Nxb3 16. axb3 Bb7 17. Be3 Be7 18. Bxa7 Rxa7 19. Rxa7 Bc5+ 20. Kh1
Bxa7 0-1

[Event "Challenge"]
[Site "http://www.queenalice.com/game.php?id=370791"]
[Date "2008.3.14"]
[Round "-"]
[White "SmartPatzer"]
[Black "Stratego"]
[Result "1-0"]
[WhiteElo "1818"]
[BlackElo "1688"]

1. e4 d5 2. Nc3 d4 3. Nce2 e5 4. d3 Bb4+ 5. c3 dxc3 6. bxc3 Ba5 7. Qa4+ Nc6 8.
Qc2 Nf6 9. Nf3 Bg4 10. Nfg1 Bxe2 11. Bxe2 Nd4 12. Qb2 O-O 13. Bd2 Nxe2 14. Kxe2
Bb6 15. Nf3 Qd7 16. Nxe5 Qe6 17. Nf3 Ng4 18. Rhf1 Qd6 19. h3 Ne5 20. Nxe5 Qxe5
21. Be3 Bxe3 22. Kxe3 Qg5+ 23. Ke2 Qxg2 24. Qxb7 Qxh3 25. Qxc7 Qg4+ 26. Kd2 Qe6
27. Qg3 Rfc8 28. e5 Qh6+ 29. Qe3 Qc6 30. d4 Rab8 31. Rfb1 a5 32. Qd3 Qa4 33. Qc2
Qd7 34. Rxb8 Rxb8 35. Rb1 Ra8 36. Qb3 h6 37. Qb7 Qd8 38. Qe4 Qg5+ 39. Kd3 h5 40.
Qxa8+ 1-0

[Event "Challenge"]
[Site "http://www.queenalice.com/game.php?id=371096"]
[Date "2008.3.14"]
[Round "-"]
[White "Marie"]
[Black "Stratego"]
[Result "1/2-1/2"]
[WhiteElo "1711"]
[BlackElo "1697"]

1. e4 d5 2. e5 e6 3. Nf3 c5 4. Nc3 c4 5. d3 cxd3 6. Bxd3 Nc6 7. O-O h6 8. Bd2
Be7 9. Nb5 Bb4 10. Bxb4 Nxb4 11. Nd6+ Kf8 12. Bb5 Bd7 13. Be2 b6 14. Qd2 Nc6 15.
Qf4 Qe7 16. Rfe1 f5 17. Ba6 g5 18. Qd2 g4 19. Nd4 Nxd4 20. Qxd4 h5 21. Bf1 Nh6
22. g3 Nf7 23. Nxf7 Qxf7 24. Qd2 Qg6 25. b3 h4 26. Rad1 h3 27. Bd3 Qh6 28. Qxh6+
Rxh6 29. c3 b5 30. a3 a6 31. c4 bxc4 32. bxc4 Bc6 33. cxd5 Bxd5 34. Bc2 1/2-1/2

[Event "Challenge"]
[Site "http://www.queenalice.com/game.php?id=371128"]
[Date "2008.3.14"]
[Round "-"]
[White "tigus"]
[Black "Stratego"]
[Result "1-0"]
[WhiteElo "1776"]
[BlackElo "1698"]

1. f4 d5 2. Nf3 Nc6 3. e3 Bg4 4. b3 Bxf3 5. Qxf3 e6 6. Bb2 Nf6 7. Nc3 Bd6 8. Bd3
Nb4 9. Be2 Nxc2+ 10. Kf2 Nxa1 11. Rxa1 Rg8 12. h4 c6 13. g4 Qc7 14. Rc1 a6 15.
g5 Nd7 16. h5 f5 17. a3 O-O-O 18. b4 Nb6 19. d4 h6 20. g6 Be7 21. Kg3 Bf6 22. a4
Qe7 23. Ba3 Qd7 24. b5 axb5 25. axb5 cxb5 26. Bxb5 Qc7 27. Ne2 Nc4 28. Qf1 Kb8
29. Bxc4 dxc4 30. Nc3 Qa5 31. Bc5 Rd7 32. Qxc4 Re8 33. Rb1 Rc7 34. Bd6 Bd8 35.
Nb5 Qa6 36. Bxc7+ Bxc7 37. Qxc7+ Ka8 38. Nd6 1-0

[Event "Let's Play Chess!"]
[Site "http://www.queenalice.com/game.php?id=389899"]
[Date "2008.4.18"]
[Round "-"]
[White "BobySponja"]
[Black "Stratego"]
[Result "1-0"]
[WhiteElo "1798"]
[BlackElo "1700"]

1. e4 d5 2. exd5 Qxd5 3. Nf3 Nf6 4. Nc3 Qc6 5. Bb5 Bd7 6. Bxc6 Bxc6 7. d3 e6 8.
Bg5 Nbd7 9. Bxf6 Nxf6 10. a3 Bd6 11. O-O O-O 12. h3 Rfe8 13. Re1 a6 14. Ne4 Nxe4
15. dxe4 Rad8 16. Qe2 Bb5 17. c4 Bc6 18. b4 b5 19. c5 Be7 20. Ne5 Bb7 21. Qf3
Rf8 22. Rad1 Rxd1 23. Rxd1 Rd8 24. Qxf7+ Kh8 25. Rxd8+ Bxd8 26. Qf8# 1-0

[Event "AUTO-BEG-173"]
[Site "http://www.queenalice.com/game.php?id=409404"]
[Date "2008.5.28"]
[Round "2"]
[White "ramy"]
[Black "Stratego"]
[Result "1-0"]
[WhiteElo "1577"]
[BlackElo "1805"]

1. d4 d5 2. c4 dxc4 3. e3 b5 4. a4 c6 5. axb5 cxb5 6. Qf3 Qc7 7. Qxa8 Nf6 8. Nc3
e6 9. Nxb5 Bb4+ 10. Nc3 O-O 11. Qxa7 Bb7 12. Qa4 Bxc3+ 13. bxc3 Nc6 14. Qxc4 Rc8
15. Bb2 Ne4 16. Nf3 Qd6 17. Qb3 h6 18. Qxb7 Rb8 19. Ra8 Kh7 20. Rxb8 Nxb8 21.
Bd3 f5 22. Bxe4 1-0

[Event "AUTO-BEG-173"]
[Site "http://www.queenalice.com/game.php?id=409405"]
[Date "2008.5.28"]
[Round "2"]
[White "Stratego"]
[Black "ramy"]
[Result "0-1"]
[WhiteElo "1755"]
[BlackElo "1608"]

1. e4 c6 2. Nf3 d5 3. exd5 cxd5 4. Bb5+ Nc6 5. Bxc6+ bxc6 6. d4 Nf6 7. c3 Bf5 8.
Be3 e6 9. Nbd2 Bd6 10. O-O O-O 11. b4 Bg4 12. a3 Ne4 13. h3 Nxc3 14. Qc2 Ne2+
15. Kh1 Bf5 16. Qb2 Nf4 17. Ne5 Bxe5 18. dxe5 Nd3 19. Qd4 f6 20. exf6 Qxf6 21.
Qxf6 Rxf6 22. Nf3 Raf8 23. Bxa7 Be4 24. Bd4 Rxf3 25. gxf3 Rxf3 26. Kh2 Nf4 27.
Rfc1 Rxh3+ 0-1

[Event "AUTO-INT-765"]
[Site "http://www.queenalice.com/game.php?id=437022"]
[Date "2008.7.22"]
[Round "2"]
[White "Stratego"]
[Black "ronmos14"]
[Result "0-1"]
[WhiteElo "1737"]
[BlackElo "1596"]

1. e4 e5 2. Nf3 Nc6 3. Bb5 Nd4 4. Nxd4 exd4 5. d3 c5 6. Bc4 Qf6 7. Nd2 Nh6 8.
Nf3 g6 9. a3 Qb6 10. Ne5 Bg7 11. Bxh6 Bxh6 12. Nxf7 Rf8 13. Nxh6 Qxb2 14. O-O
Qb6 15. Ng4 d6 16. f3 h5 17. Nf2 Bd7 18. Qb1 Qc7 19. Bd5 Bc6 20. Bc4 g5 0-1

[Event "AUTO-INT-765"]
[Site "http://www.queenalice.com/game.php?id=437023"]
[Date "2008.7.22"]
[Round "2"]
[White "stonkin"]
[Black "Stratego"]
[Result "1-0"]
[WhiteElo "1920"]
[BlackElo "1746"]

1. e4 d5 2. exd5 Qxd5 3. Nc3 Qd8 4. d3 c6 5. Nf3 Nf6 6. h3 e6 7. Bg5 Be7 8. a3
Nbd7 9. Be2 h6 10. Bxf6 Nxf6 11. O-O Bd7 12. d4 b5 13. Ne5 O-O 14. Qd3 a5 15.
Ne4 Nxe4 16. Qxe4 Rc8 17. Bd3 1-0

[Event "AUTO-INT-765"]
[Site "http://www.queenalice.com/game.php?id=437024"]
[Date "2008.7.22"]
[Round "2"]
[White "Stratego"]
[Black "stonkin"]
[Result "0-1"]
[WhiteElo "1756"]
[BlackElo "1910"]

1. e4 e5 2. Nf3 Nc6 3. Bb5 a6 4. Bxc6 dxc6 5. d3 Bc5 6. O-O Qe7 7. Nc3 b5 8. h3
Bb4 9. Bd2 Nf6 10. a3 Bc5 11. Bg5 O-O 12. Ne2 h6 13. Bh4 Bb6 14. Ng3 g5 15. Nf5
Bxf5 16. Bg3 Bg6 17. Bxe5 Bh5 0-1